000 00452nam a2200157 i 4500
001 58297
003 ES-MaACL
005 20230906163754.0
007 t|
008 031021s1968 sp ||||1| spa d
100 1 _aDurán, María Ángeles.
_946195
245 1 0 _aNociones de Sociología /
_cMaría de los Angeles Durán.
260 _a[Madrid :
_bEuramérica,
_c1968] (
_fMinuesa)
300 _a406 p. ;
_c21 cm.
852 _aES-MaACL
_jC-49952
_bR.67756
999 _c58297
_d58297